| 000 | 01028nam a2200313Ia 4500 | ||
|---|---|---|---|
| 001 | dia_147 | ||
| 003 | CHAP | ||
| 005 | 20221208120328.0 | ||
| 008 | 221208b |||||||| |||| 00| 0 eng d | ||
| 010 | _a170578 | ||
| 020 | _a0-471-39985-X | ||
| 040 | _cCHAP | ||
| 082 | _a660.28401519 H56 1970 | ||
| 100 |
_aHimmelblau, David M. _9147349 |
||
| 245 |
_aProcess analysis by statistical methods / _c David M. Himmelblau |
||
| 260 |
_aUSA : _b John Wiley & Sons, _c1970 |
||
| 300 | _axi, 463 p. | ||
| 500 | _aMaterial fotocopiado | ||
| 504 | _aIncluye bibliografías | ||
| 590 | _aTP155.7 H56 1970 | ||
| 650 |
_aChemical engineering _xStatistical methods _9147350 |
||
| 650 |
_aChemical processes _x Mathematical models _9147351 |
||
| 650 |
_aIngeniería química _xModelos estadísticos _9147352 |
||
| 650 |
_aProcesos químicos _xModelos matemáticos _9147353 |
||
| 901 | _a660.28401519 H56 1970 | ||
| 902 | _aM | ||
| 905 | _a5232271970 -usmn 8122223322eng16 | ||
| 942 |
_cLIBRO _2ddc |
||
| 999 |
_c170578 _d170578 |
||